000 00994nam0a22002651 4500
001 rc\203281
005 20250620231653.0
035 _a(NLR Aleph) 005455611
090 _a4903744
_c4903744
100 _a20030307d1995 |||y0rusy50 ca
101 0 _arus
102 _aRU
105 _aa |||||||||
200 1 _aПовторение
_eСтихи
_fЕвгений Туренко
_g[Графика Т. Титовой]
210 _aБ. м.
_cБ. и.
_dБ. г. (1995)
_eВерхняя Пышма
_gВерхнепышм. тип.
215 _a36 с.
_cил.
_d20
327 1 _aСодерж.: Циклы: Белые листья; Аллиева дорога
464 0 _12001#$aБелые листья
_tБелые листья
464 0 _12001#$aАллиева дорога
_tАллиева дорога
700 1 _aТуренко
_bЕ.В.
_gЕвгений Владимирович
801 0 _aRU
_bNLR
_gpsbo
801 1 _aRU
_bELAR
_2rusmarc
852 _aNLR
_j96-4/9334
942 _cBOOK
980 _aNB